[Event "COL-ch disabled 2nd"]
[Site "Cali"]
[Date "2008.10.25"]
[Round "2.15"]
[White "Betancourt Florez, Nestor"]
[Black "Cuervo Roberto, Oscar Fernando"]
[Result "0-1"]
[WhiteElo "1612"]
[BlackElo "1600"]
[PlyCount "68"]
[EventDate "2008.10.25"]
[EventType "swiss"]
[EventRounds "7"]
[EventCountry "COL"]
[SourceTitle "EXT 2024"]
[Source "ChessBase"]
[SourceDate "2023.10.10"]
[SourceVersion "1"]
[SourceVersionDate "2023.10.10"]
[SourceQuality "1"]

1. e4 e5 2. Nf3 Nc6 3. Bc4 h6 4. Nc3 Nf6 5. Bb5 Bb4 6. d3 Nd4 7. Bd2 Bxc3 8. Nxd4 Bxd2+ 9. Qxd2 exd4 10. Qb4 a6 11. Ba4 b5 12. Bb3 d5 13. e5 Ng4 14. Qxd4 c6 15. 0-0 0-0 16. h3 c5 17. Qxc5 Nxe5 18. Bxd5 Qg5 19. Bxa8 Nf3+ 20. Bxf3 Qxc5 21. c3 Qg5 22. g4 f5 23. Bd5+ Kh8 24. f3 fxg4 25. fxg4 Rxf1+ 26. Rxf1 Qxd5 27. Rf8+ Kh7 28. Rxc8 Qxd3 29. Kg2 Qd2+ 30. Kg3 Qxb2 31. a4 bxa4 32. Ra8 a3 33. Rxa6 a2 34. Rxa2 Qxa2 0-1